Word Ladder: Shades of Red Quiz Stats

 Plays Quiz Updated Jan 7, 2015

Challenge
Share
Tweet
Embed
Score 0/30 Timer 03:00
5 Plays Today
Hint 4-Letter Word % Correct
Molten rockLAVA
96.5%
Part of a chainLINK
96.5%
Color between purple and redPINK
96%
To dismiss an employee from a jobFIRE
95.3%
Fermented grape juiceWINE
94.7%
To dwell on this earthLIVE
93.2%
Long narrow markLINE
92.7%
PenaltyFINE
92.6%
Buddhist title with DalaiLAMA
92.4%
Devoid of lightDARK
91.6%
Part of a treeBARK
90.8%
Part of a roadLANE
90.4%
Payment for public transportFARE
88.9%
DisabledLAME
88.8%
To washLAVE
88.7%
Hint 4-Letter Word % Correct
UncoveredBARE
87.1%
Marry a womanWIVE
86.5%
Type of flowerROSE
86.1%
Result of oxidationRUST
84.2%
A deadly sinLUST
83.8%
Actor's partROLE
83.7%
To prove courageDARE
83.1%
FoundationBASE
79.5%
TrickRUSE
79.3%
Decorative containerVASE
79%
Very great in sizeVAST
75.5%
UltimateLAST
75.2%
Exercise powerRULE
67.7%
Color of the cut of a gemstoneRUBY
47.3%
ObedientRULY
41.8%

Today's Daily Dose

You're not logged in!

Compare scores with friends on all Sporcle quizzes.
OR
Log In

You Might Also Like...

Show Comments

Extras

Top Quizzes Today


Score Distribution

Your Account Isn't Verified!

In order to create a playlist on Sporcle, you need to verify the email address you used during registration. Go to your Sporcle Settings to finish the process.

Report this User

Report this user for behavior that violates our Community Guidelines.

Details: